Quiz générale sur les Frontières Internationales - Statistiques

Statistiques générales
  • Ce quiz a été pris 62 fois
  • Le résultat moyen est 7 sur 15
Statistiques - réponses
Question Réponse % Correct
En quel année la frontière actuel séparant la Corée de Nord et la Corée du Sud a tel été mise en place officiellement ? 1953
100%
Combien de pays frontaliers le Rwanda compte-il ? 4
100%
Avec quels pays parmis les suivants le Danemark partage t-il une frontière terrestre ? (Groënland compris) Canada
100%
Parmis les villes ci-dessous, laquels est une enclave entouré par la France ? Llívia (Espagne)
100%
Combien de pays frontaliers le Kirghizistan compte-il ? 4
50%
Quel est la longueur de la frontière entre la France et le Brésil ? (Arrondie à 1km près) 730km
50%
Quel est le pays qui partage la plus grande frontière terrestre avec la République Démocratique du Congo ? Angola
50%
Parmis lesquels de ces propostions, les pays suivants ne sont pas frontaliers ? (Outre-mer compris) Belize - Honduras
50%
A quel paralèlle la plus grande partie de la frontière séparant le Canada des État-Unis s'aligne t-elle ? Le 49ème parallèle
50%
Quel fleuve sert en grande partie de frontière actuel entre le nord est de la Chine et la Russie ? Amour
0%
Durant quel conférence la frontière actuel séparant l'Allemagne de la Pologne a tel été tracé ? Conférence de Potsdam
0%
A quel méridien la plus grande partie de la frontière séparant l'Indonesie de la Papouasie-Nouvelle-Guinée s'aligne t-elle ? Le 141ème méridien Est
0%
Comment s'appelle le petit archipel qui donnerait presque une frontière terrestre entre le Sri Lanka et l'Inde ? Le Pont d'Adam
0%
Quel fleuve sert en grande partie de frontière actuel entre le Mexique et les État-Unis ? Le Rio Grande
0%
La frontière séparant Haiti de la République Domincaine a tel toujours été comme aujourd'hui ? Non
0%
Aucun quiz correspondant
Distribution des résultats
% des personnes avec chaque résultat
Percentile par nombre de réponses
Votre historique - résultats
Vous n’avez pas pris ce quiz